Citra merdeka 1957-2005 b buku terbitan khas sempena sambutan hari kemerdekaan ke-50 tahun 2007.

Bibliographic Details
Format: Book
Published: Kuala Lumpur: Utusan Publications & Distributors, 2007.
Subjects:
LEADER 00589cam a2200181 7i4500
001 0000063157
005 20151104090000.0
005 ##20151104185500.0
003 ##MY-KlINT
020 # # |a 9676119237  
039 # 9 |y 201511041855  |z VLOAD 
090 0 0 |a 394.269595 CIT  
245 1 0 |a Citra merdeka 1957-2005 b buku terbitan khas sempena sambutan hari kemerdekaan ke-50 tahun 2007. 
260 # # |a Kuala Lumpur:   |b Utusan Publications & Distributors,   |c 2007. 
300 # # |a 206ms:   |b il. wrn;   |c 28cm. 
500 # # |a Mengandungi indeks 
650 # 0 |a Independence Day (Malaysia)  
650 # 0 |a Malaysia --   |x Anniversaries, etc